Statistics for Places Johnny Cash Has Been To

Click here to take the quiz!

General Stats

  • This quiz has been taken 17 times
  • The average score is 13 of 90

Answer Stats

PlacePop.% Correct
Chicago2,693,976
80%
Nashville692,587
60%
Pittsburgh302,205
60%
Reno246,500
60%
Jacksonville890,467
50%
Little Rock197,958
50%
Louisville617,790
50%
Houston2,099,451
40%
Kansas City486,404
40%
Oklahoma3,959,353
40%
Tampa387,916
40%
Amarillo198,955
30%
Baltimore609,032
30%
Boston684,379
30%
Charleston135,257
30%
Tulsa402,324
30%
Washington7,705,281
30%
Bakersfield377,917
20%
Black Rock827
20%
Colorado5,773,714
20%
Costa Rica5,094,118
20%
Dayton140,569
20%
Glen Rock2,070
20%
Knoxville186,173
20%
Louisiana4,657,757
20%
Minnesota5,706,494
20%
Salvador2,902,927
20%
Texarkana36,688
20%
Toronto2,956,024
20%
Argentina45,195,774
10%
Bangor32,095
10%
Buffalo256,480
10%
Crater Lake-------
10%
Davenport102,169
10%
Devils Lake7,344
10%
Dodge City27,555
10%
El Dorado17,982
10%
Faraday1,401
10%
Fargo121,889
10%
Hackensack44,339
10%
Idaho1,839,106
10%
Kalamazoo76,019
10%
Monterey28,352
10%
Nebraska1,961,504
10%
Oskaloosa11,511
10%
Ottawa994,837
10%
Panama4,314,767
10%
Santa Fe83,922
10%
Shreveport192,035
10%
Sioux City82,531
10%
Springfield167,051
10%
Tallapoosa3,162
10%
Tennessee6,910,840
10%
Vicksburg22,332
10%
Wichita389,877
10%
Winslow9,476
10%
Alaska731,545
0%
Atmore9,495
0%
Baraboo12,138
0%
Barranquilla2,206,319
0%
Cadillac10,419
0%
Catalina7,910
0%
Cedar City32,067
0%
Chaska26,371
0%
Chatanika106
0%
Chicopee55,421
0%
Diamantina47,825
0%
Ellensburg20,167
0%
Fond du Lac42,909
0%
Grand Lake282
0%
Gravelbourg1,116
0%
Haverstraw37,049
0%
Jellico2,170
0%
Kingston136,685
0%
La Paloma4,063
0%
Larimore1,381
0%
Mattawa4,715
0%
Opelika30,232
0%
Padilla3,697
0%
Parkersburg30,021
0%
Pasadena141,258
0%
Pittsfield42,766
0%
Rexburg28,414
0%
Sarasota56,919
0%
Schefferville213
0%
Spirit Lake5,069
0%
Tocopilla24,247
0%
Waterloo67,912
0%
Waterville16,577
0%
Winnemucca7,762
0%

Score Distribution

Percentile by Number Answered

Percent of People with Each Score

Your Score History

You have not taken this quiz